Sanat: Karjalaisten laulu - Statistics

Yleistilastot
  • Tätä visaa on pelattu 34 kertaa
  • Keskiarvotulos 48 / 79
Vastaustilastot
Vastaus % Oikein
on
96%
on
96%
armaampaa
86%
Karjalamme
86%
Karjalamme
86%
kotimaa
86%
kuin
86%
maata
86%
oisko
86%
Suloisessa
86%
Suomessamme
86%
Ja
82%
kaunis
82%
se
82%
Ei
79%
ei
79%
ei
79%
ei
79%
kosket
79%
laaja
79%
laulun
79%
laulun
79%
kuohuu
75%
eikä
68%
eikä
68%
meillä
68%
aallot
64%
ikihongat
64%
maamme
64%
rikkautta
64%
runsautta
64%
sen
64%
vaan
64%
halla
61%
Idän
61%
oo
61%
viljavaa
61%
humajaa
57%
kajahtaa
57%
Karjalasta
57%
kun
57%
loiskuaa
57%
pakkaset
57%
salot
57%
sit’
57%
sorru
57%
sortamalla
57%
huokuu
54%
järven
54%
kurja
54%
kylvämättä
54%
Lauluna
54%
pane
54%
Pohjan
54%
kasvavaa
50%
lyö
50%
rakehet
50%
silloin
50%
silloin
50%
sitä
50%
Suomen
50%
säveleitä
46%
soittelee
46%
soitto
46%
surut
46%
koittelee
43%
kovin
43%
vaino
43%
koitto
39%
kourin
39%
onnen
39%
päivän
39%
Suomeamme
39%
suuri
39%
Konsa
36%
riemun
36%
sarastaa
36%
taas
36%
Suomellen
18%
Ehtoja vastaavia visoja ei löytynyt
Tulosjakauma
Jokaisen tuloksen saaneiden osuus
Persentiili vastausten määrän mukaan
Tuloshistoriasi
Et ole pelannut tätä visaa